00585nam a22001817a 450000500170000001000150001702000110003203500130004303700130005608200110006910000200008024500880010026000360018827000880022430000210031250000500033370000200038320160114123243.0 aENG-114421 c415.00 aEN-97953 bDBAD/PUB a519.72 aMukherjee, Arup aAdvanced linear programming & game theory /cby Arup Mukherjee [and] Naba Kumar Bej aKolkatabBooks And Alliedc2013 aNo. 1-E(1), 'Shubham Plaza' (1st Floor) 83/1, Beliaghata Main RoadbKolkatae700010 a677p.c24cm(pbk) aIncludes bibliographical references and index aBej, Naba Kumar